Länder dessen Hauptstadt mit T beginnt - Statistiken

Allgemein
  • Dieses Quiz wurde 162 mal gespielt
  • Das Durchschnittsergebnis liegt bei 5 aus 11
Antwortstatistiken
Kontinent Land % Korrekt
Europa Estland
68%
Europa Albanien
65%
Asien Japan
56%
Afrika Tunesien
54%
Asien Iran
44%
Asien Taiwan/Republik China
44%
Nordamerika Honduras
41%
Asien Usbekistan
40%
Afrika Libyen
34%
Europa Georgien
33%
Asien Bhutan
27%
Keine übereinstimmenden Quizze gefunden
Verteilung der Resultate
Anzahl Personen mit jedem Resultat
Perzentil nach korrekt beantworteten Fragen
Ihre Resultats-Entwicklung
Sie haben dieses Quiz noch nicht gespielt